| 000 | 00527nam a2200169Ia 4500 | ||
|---|---|---|---|
| 008 | 090711s9999 xx 000 0 und d | ||
| 082 | _b37185 | ||
| 100 | _aलाटे दिनानाथ ना. | ||
| 245 | _aलालन भरे ललना | ||
| 260 | _c1977 | ||
| 300 | _a303 | ||
| 600 | _aलाटे दिनानाथ ना. | ||
| 630 | _aलालन भरे ललना | ||
| 700 | _aलाटे दिनानाथ ना. | ||
| 730 | _aलालन भरे ललना | ||
| 942 | _cBOOK | ||
| 999 |
_c287684 _d287684 |
||